The sociology of Max Weber
Gardado en:
| Autor Principal: | |
|---|---|
| Formato: | Libro |
| Idioma: | inglés |
| Publicado: |
Nueva York
Random House
1968
|
| Subjects: | |
| Tags: |
Engadir etiqueta
Sen Etiquetas, Sexa o primeiro en etiquetar este rexistro!
|
MARC
| LEADER | 00000nam a2200000 a 4500 | ||
|---|---|---|---|
| 001 | UCQ0809 | ||
| 003 | CL-VaPUC | ||
| 008 | 980703e19680000US |||||||||||||||||eng|d | ||
| 082 | 0 | 4 | |a 301 |b FRE |2 21 |
| 100 | 0 | |a Freund, Julien |e author |9 414129 | |
| 245 | 1 | 4 | |a The sociology of Max Weber |
| 300 | |a 310 p | ||
| 942 | |c BK | ||
| 945 | |d 19980703 00:00:00 |a crobeson | ||
| 260 | |a Nueva York |b Random House |c 1968 | ||
| 600 | 0 | 7 | |a WEBER, MAX |2 CL-VaPUC |9 314708 |
| 650 | 0 | |a Sociología |9 255410 | |
| 650 | 7 | |a SOCIOLOGOS |2 CL-VaPUC |9 307715 | |
| 650 | 0 | |a Sociología política |9 255920 | |
| 650 | 7 | |a SOCIOLOGIA ECONOMICA |2 CL-VaPUC |9 341237 | |
| 650 | 0 | |a Sociología de la religión |9 337481 | |
| 650 | 0 | |a Sociología del derecho |9 254890 | |
| 583 | |a last modification |c 19980703 00:00:00 |k Rodrigo Vera | ||
| 999 | |c 271840 |d 271838 | ||
| 952 | |0 0 |1 0 |4 0 |6 301_000000000000000_FRE_1968 |7 0 |8 A |9 306615 |a BIBENE |b BIBENE |d 2019-11-20 |i 1427512 |o 301 FRE 1968 |p 1427512 |r 2025-01-15 |w 2019-11-20 |y BK |k ICO | ||